Who can be saved? : (Record no. 56364)

MARC details
000 -LEADER
fixed length control field 01534nam a22001937a 4500
008 - FIXED-LENGTH DATA ELEMENTS--GENERAL INFORMATION
fixed length control field 210622b ||||| |||| 00| 0 eng d
020 ## - INTERNATIONAL STANDARD BOOK NUMBER
International Standard Book Number 0830827471 (pbk. : alk. paper)
020 ## - INTERNATIONAL STANDARD BOOK NUMBER
International Standard Book Number 9780830827473 (pbk. : alk. paper)
050 ## - LIBRARY OF CONGRESS CALL NUMBER
Classification number BT751.3
Item number .T54 2004
100 ## - MAIN ENTRY--PERSONAL NAME
Personal name Tiessen, Terrance L., 1944-
245 ## - TITLE STATEMENT
Title Who can be saved? :
Remainder of title reassessing salvation in Christ and world religions /
Statement of responsibility, etc Terrance L. Tiessen.
260 ## - PUBLICATION, DISTRIBUTION, ETC. (IMPRINT)
Place of publication, distribution, etc Downers Grove, Ill. :
Name of publisher, distributor, etc InterVarsity Press,
Date of publication, distribution, etc 2004.
300 ## - PHYSICAL DESCRIPTION
Extent 511 p. ;
Dimensions 23 cm.
500 ## - GENERAL NOTE
General note Includes bibliographical references and indexes.
505 ## - FORMATTED CONTENTS NOTE
Formatted contents note |tWhere are we going? --|tWhat are the options? --|tIs accessibilism a new idea? --|tHow does God save people? -- |tWho needs to be saved? --|tWhom is God trying to save? - -|tTo whom does God reveal himself? --|tBy what standard are people judged? --|tCan people be saved if they only have general revelation? --|tWhat about the saved who did not believe in Jesus? --|tCan infants be saved? --|tWho is able to believe? --|tWhy should we send missionaries? -- |tHow do the religions fit into God's purposes in the world? --|tHow do religions come into being? --|tHow did the covenant people relate to other religions? --|tIs there revelation in other religions? --|tIs there salvation in other religions? --|tShould we participate in interreligious dialogue? --|tShould we cooperate in interreligious activities? --|tConcluding reflections.
650 ## - SUBJECT ADDED ENTRY--TOPICAL TERM
Topical term or geographic name as entry element Salvation.
650 ## - SUBJECT ADDED ENTRY--TOPICAL TERM
Topical term or geographic name as entry element Salvation outside the church.
942 ## - ADDED ENTRY ELEMENTS (KOHA)
Source of classification or shelving scheme Library of Congress Classification
Item type Book
Holdings
Withdrawn status Lost status Source of classification or shelving scheme Damaged status Not for loan Collection code Home library Current library Shelving location Date acquired Source of acquisition Cost, normal purchase price Full call number Barcode Copy number Price effective from Koha item type
    Library of Congress Classification     Non-fiction Bishop Okullu Memorial Library (Limuru Campus) Bishop Okullu Memorial Library (Limuru Campus) General Circulation 22/06/2021 Donations TBN 3500.00 BT751.3 .T54 2004 065827 1 22/06/2021 Book